1829 1983 1373 1389 1952 1264 1006 1742 1964 1958 1481 1005 1879 1947 1225 1698 1641 1366 1904 1432 1457 1468 1638 1949 1768 1002 1985 1135 1579 1963 1596 1858 1340 1251 1980 1099 1380 1900 1778 1620 1753 1794 1632 1599 1010 1014 1221 1843 1097 1807 1777 1513 1473 1175 1259 1796 1418 1748 1518 1260 1909 1134 1147 1693 1071 1321 1404 1005 1245 1127 1976 1516 1513 1443 1612 1560 1978 1651 1672 1370 1843 1591 1525 1124 1776 1274 1175 1144 1054 1720 1290 1186 1974 1393 1181 1387 1454 1271 1574 BCNSPRNW ULIB Ver.6.0+V

เปลี่ยนเป็นภาษาไทย

Change to English
 แสดงรายละเอียดบรรณานุกรม
  กลับหน้าหลัก

Brief Record : Get Marc (ISO 2709) : E-mail record : QR code < ปิดหน้าต่าง
LEADER : 00000nam 2200000uu 4500
001    13399124512
003     ULIB
008    150817s2556 th a 000 0 tha d
020    9789749804287
020    9789749804285
090    นว.^bล158ต ล.10
100    ล่อร่า อิงกัลล์ส์ ไวล์เดอร์;^eผู้แต่ง
245    ตามทางสู่เหย้า/^cล่อร่า อิงกัลล์ส์ ไวล์เดอร์. ; เขียน ,สุคนธรส. ; แปล
250    พิมพ์ครั้งที่ 10
260    กรุงเทพฯ :^bแพรวเยาวชน,^c2556
300    150 หน้า;^b18.5 ซม.
500    หนังสือชุดบ้านเล็ก
700    สุคนธรส ;^eแปล
945    ^p75^l0^i039781
999    ^aทศพร
รายการนี้ยังไม่มีแท็ก
คุณยังไม่ได้ล็อกอิน คุณสามารถมีกิจกรรมร่วมกับเว็บไซต์ได้ แต่ต้องล็อกอินก่อน ::
  ล็อกอิน

รายการสื่อสารสนเทศ

ลำดับที่ ประเภท เลขเรียก/บาร์โค้ด สถานที่ สถานะ
1. นวนิยาย
นวนิยาย
นว. ล158ต ล.10 ฉ.1 
  Barcode: 039781
ห้องสมุดวิทยาเขตสวรรค์ประชารักษ์
►นวนิยาย
บนชั้น
  ขอยืม

BibComment


ยังไม่เคยถูกคอมเมนท์

คอมเมนท์ทรัพยากรรายการนี้
  คอมเมนท์: ตามทางสู่เหย้า ล่..


 Copyright 2026. Bcnsprnw @Library